000 00504nam a2200181Ia 4500
008 090123s9999 xx 000 0 und d
082 _b38191
100 _aमुजावर बशीर
245 _aप्रवाही
250 _a1
260 _bपायल प्रकाशन
_c2005
300 _a200
600 _aमुजावर बशीर
630 _aप्रवाही
700 _aमुजावर बशीर
730 _aप्रवाही
942 _cBOOK
999 _c76258
_d76258